Seymour/Carraher's polymer chemistry / (Record no. 7953)

MARC details
000 -LEADER
fixed length control field 01357cam a22003495i 4500
003 - CONTROL NUMBER IDENTIFIER
control field EG-ScBUE
005 - DATE AND TIME OF LATEST TRANSACTION
control field 20251210092908.0
008 - FIXED-LENGTH DATA ELEMENTS--GENERAL INFORMATION
fixed length control field 150819s2005 nyua f bd 001 0deng d
020 ## - INTERNATIONAL STANDARD BOOK NUMBER
International Standard Book Number 0824708067 (acid-free paper)
020 ## - INTERNATIONAL STANDARD BOOK NUMBER
International Standard Book Number 9780824708061
040 ## - CATALOGING SOURCE
Original cataloging agency EG-ScBUE
Language of cataloging eng
Description conventions rda
Transcribing agency EG-ScBUE
Modifying agency EG-ScBUE
082 04 - DEWEY DECIMAL CLASSIFICATION NUMBER
Classification number 547.7
Item number CAR
Edition number 22
100 1# - MAIN ENTRY--PERSONAL NAME
Personal name Carraher, Charles E.,
9 (RLIN) 31181
Titles and other words associated with a name Jr.,
Dates associated with a name 1941-
Relator term author.
245 10 - TITLE STATEMENT
Title Seymour/Carraher's polymer chemistry /
Statement of responsibility, etc Charles E. Carraher, Jr., College of Science, Florida Atlantic University, Boca Raton, and Florida Center for Environmental Studies, Palm Beach Gardens, Florida, U.S.A.
246 30 - VARYING FORM OF TITLE
Title proper/short title Polymer chemistry
250 ## - EDITION STATEMENT
Edition statement Sixth edition,
Remainder of edition statement revised and expanded.
264 #1 - PUBLICATION, DISTRIBUTION, ETC. (IMPRINT)
Place of publication, distribution, etc New York :
Name of publisher, distributor, etc Marcel Dekker, INC.,
Date of publication, distribution, etc 2005.
300 ## - PHYSICAL DESCRIPTION
Extent xxxvii, 913 pages :
Other physical details illustrations ;
Dimensions 27 cm.
336 ## - CONTENT TYPE
Source rdacontent
Content type term text
Content type code txt
337 ## - MEDIA TYPE
Media type term unmediated
Source rdamedia
Media type code n
338 ## - CARRIER TYPE
Carrier type term volume
Carrier type code nc
Source rdacarrier
490 0# - SERIES STATEMENT
Series statement Undergraduate chemistry ;
Volume number/sequential designation 16
500 ## - GENERAL NOTE
General note Includes glossary.<br/><br/>
500 ## - GENERAL NOTE
General note Includes Appendices.<br/>
504 ## - BIBLIOGRAPHY, ETC. NOTE
Bibliography, etc Includes bibliographical references and index.<br/>
600 17 - SUBJECT ADDED ENTRY--PERSONAL NAME
Personal name Seymour, Raymond B.
Fuller form of name (Raymond Benedict),
Dates associated with a name 1912-1991.
Source of heading or term BUEsh
650 #7 - SUBJECT ADDED ENTRY--TOPICAL TERM
Topical term or geographic name as entry element Polymers.
Source of heading or term BUEsh
650 #7 - SUBJECT ADDED ENTRY--TOPICAL TERM
Topical term or geographic name as entry element Polymerization.
Source of heading or term BUEsh
653 ## - INDEX TERM--UNCONTROLLED
Resource For college Pharmacy
Arrived date list August2015
655 ## - INDEX TERM--GENRE/FORM
Form subdivision Reading book
942 ## - ADDED ENTRY ELEMENTS (KOHA)
Koha item type Book - Borrowing
Source of classification or shelving scheme Dewey Decimal Classification
Holdings
Withdrawn status Lost status Source of classification or shelving scheme Damaged status Not for loan Collection code Home library Current library Shelving location Date acquired Source of acquisition Total Checkouts Full call number Barcode Date last seen Cost, replacement price Price effective from Koha item type
    Dewey Decimal Classification     Baccah Central Library Central Library First floor 14/02/2008 Purchase 1 547.7 CAR 000004535 15/07/2025 478.50 09/02/2006 Book - Borrowing